000 00688cam a22002054a 4500
020 _a9780821370155
020 _a0821370154
040 _cDLC
082 0 0 _a338 WOR 2007 A079 Or.
245 0 0 _aChanging the face of the waters :
_bthe promise and challenge of sustainable aquaculture.
246 3 0 _aPromise and challenge of sustainable aquaculture
260 _aWashington, DC :
_bWorld Bank,
_cc2007.
300 _axvii, 188 p. :
_bill. ;
_c23 cm.
490 1 _aAgriculture and rural development
650 0 _aSustainable aquaculture.
650 0 _aAquaculture industry.
710 2 _aWorld Bank.
856 4 1 _uhttp://www.loc.gov/catdir/toc/ecip0719/2007022001.html
942 _cEK
999 _c15696
_d15696